| Поле | Инд. | ПП | Название | Значение |
|---|---|---|---|---|
| Тип записи | a | |||
| Библиографический уровень | m | |||
| 001 | Контрольный номер | 87b8a32e-2431-4a34-8cf7-6d00d644e095 | ||
| 005 | Дата корректировки | 20140703130146.3 | ||
| 008 | Кодируемые данные | 040528 | ||
| 020 | c | Цена, тираж | 42.00 | |
| 040 | a | Служба первич. каталог. | НБ ТвГУ | |
| 041 | a | Код языка текста | rus | |
| 080 | a | Индекс УДК | 531.19(075.8) | |
| 084 | a | Индекс другой классификации/Индекс ББК | В317.2я73-1 | |
| 090 | x | Авторский знак | Ш73 | |
| a | Полочн. индекс | В317.2 | ||
| 100 | 1_ | a | Автор | Шмидт Федор Карлович |
| 245 | 10 | a | Заглавие | Основы статистической физики для химиков |
| b | Продолж. заглавия | учеб. пособие | ||
| c | Ответственность | Ф. К. Шмидт | ||
| 260 | 0_ | a | Место издания | Иркутск |
| b | Издательство | Иркутский гос. ун-т | ||
| c | Дата издания | 2003 | ||
| 300 | a | Объем | 264 с. | |
| b | Иллюстрации/ тип воспроизводства | ил. | ||
| 500 | a | Примечание | В надзаг.: М-во образования Рос. Федерации, Иркут. гос. ун0-т. | |
| 504 | a | Библиография | Библиогр.: с.259-261. | |
| 583 | a | Действие | Получение впервые 244 26.05.2004 | |
| k | Исполнитель действия | обмен | ||
| 650 | a | Основная рубрика | Статистическая физика | |
| x | Основная подрубрика | Учебники для вузов | ||
| 650 | a | Основная рубрика | Физика теоретическая | |
| 653 | a | Ключевые слова | Статистическая физика | |
| a | Ключевые слова | ФИЗИКА | ||
| a | Ключевые слова | Теоретическая физика | ||
| 852 | t | Порядковый номер экземпляра | 1 | |
| p | Инвентарный номер | 785466 | ||
| 863 | t | 00024992 | ||
| 888 | a | бесплатно | ||
| 930 | a | Новая/Ретро | учебники | |
| 952 | p | 244.2004 42.00 1 785466 | ||
| c | Вид литературы | К ру | ||
| 954 | a | Дата поступления на обработку | 20040830 | |
| 999 | a | Подразделение 2 | Фил3 |